Защита трубопроводного оборудования. Математическое моделирование процессов образования и протекания питтинговой коррозии внутренней стенки промыслового нефтепровода при транспортировке нефти в условиях Западной Сибири; Деловой журнал Neftegaz.RU; № 12 (108)
| Parent link: | Деловой журнал Neftegaz.RU № 12 (108).— 2020.— [С. 44-48] |
|---|---|
| 1. Verfasser: | |
| Körperschaft: | |
| Weitere Verfasser: | , |
| Zusammenfassung: | Заглавие с экрана В статье приведено математическое описание и моделирование процессов зарождения и протекания питтинговой коррозии в промысловом трубопроводе в условиях Западной Сибири. Произведена визуализация процесса коррозионного разрушения трубопровода в заданный момент времени. По полученным зависимостям построена модель образования и развития единичного питтинга. Режим доступа: по договору с организацией-держателем ресурса |
| Sprache: | Russisch |
| Veröffentlicht: |
2020
|
| Schlagworte: | |
| Online-Zugang: | https://www.elibrary.ru/item.asp?id=44295410 |
| Format: | Elektronisch Buchkapitel |
| KOHA link: | https://koha.lib.tpu.ru/cgi-bin/koha/opac-detail.pl?biblionumber=662972 |
MARC
| LEADER | 00000naa0a2200000 4500 | ||
|---|---|---|---|
| 001 | 662972 | ||
| 005 | 20250418164904.0 | ||
| 035 | |a (RuTPU)RU\TPU\network\34140 | ||
| 035 | |a RU\TPU\network\34139 | ||
| 090 | |a 662972 | ||
| 100 | |a 20210118d2020 k||y0rusy50 ca | ||
| 101 | 0 | |a rus | |
| 102 | |a RU | ||
| 135 | |a drcn ---uucaa | ||
| 181 | 0 | |a i | |
| 182 | 0 | |a b | |
| 200 | 1 | |a Защита трубопроводного оборудования. Математическое моделирование процессов образования и протекания питтинговой коррозии внутренней стенки промыслового нефтепровода при транспортировке нефти в условиях Западной Сибири |f Н. В. Чухарева, В. В. Чудинов, А. В. Рудаченко | |
| 203 | |a Текст |c электронный | ||
| 300 | |a Заглавие с экрана | ||
| 320 | |a [Библиогр.: 15 назв.] | ||
| 330 | |a В статье приведено математическое описание и моделирование процессов зарождения и протекания питтинговой коррозии в промысловом трубопроводе в условиях Западной Сибири. Произведена визуализация процесса коррозионного разрушения трубопровода в заданный момент времени. По полученным зависимостям построена модель образования и развития единичного питтинга. | ||
| 333 | |a Режим доступа: по договору с организацией-держателем ресурса | ||
| 461 | |t Деловой журнал Neftegaz.RU | ||
| 463 | |t № 12 (108) |v [С. 44-48] |d 2020 | ||
| 610 | 1 | |a электронный ресурс | |
| 610 | 1 | |a труды учёных ТПУ | |
| 610 | 1 | |a промысловые нефтегазопроводы | |
| 610 | 1 | |a промысловые трубопроводы | |
| 610 | 1 | |a коррозионные повреждения | |
| 610 | 1 | |a питтинговая коррозия | |
| 610 | 1 | |a математическое моделирование | |
| 700 | 1 | |a Чухарева |b Н. В. |c специалист в области нефтегазового дела |c доцент Томского политехнического университета, кандидат химических наук |f 1967- |g Наталья Вячеславовна |3 (RuTPU)RU\TPU\pers\26133 |9 11962 | |
| 701 | 1 | |a Чудинов |b В. В. |g Владимир Вадимович | |
| 701 | 1 | |a Рудаченко |b А. В. |c специалист в области нефтегазового дела |c доцент Томского политехнического университета, кандидат технических наук |f 1949- |g Александр Валентинович |3 (RuTPU)RU\TPU\pers\26135 |9 11964 | |
| 712 | 0 | 2 | |a Национальный исследовательский Томский политехнический университет |b Инженерная школа природных ресурсов |b Отделение нефтегазового дела |3 (RuTPU)RU\TPU\col\23546 |
| 801 | 2 | |a RU |b 63413507 |c 20210118 |g RCR | |
| 850 | |a 63413507 | ||
| 856 | 4 | |u https://www.elibrary.ru/item.asp?id=44295410 | |
| 942 | |c CF | ||